AP Spanish Lit authors - Statistics

General Stats
  • This quiz has been taken 249 times
  • The average score is 11 of 20
Answer Stats
Obra Autor % Correct
A Julia de Burgos Julia de Burgos
82%
No oyes ladrar los perros Juan Rulfo
81%
Don Quijote Miguel de Cervantes
81%
Lazarillo de Tormes Anónimo
80%
Conde Lucanor Don Juan Manuel
71%
Borges y yo Jorge Luis Borges
70%
La siesta del martes Gabriel García Márquez
67%
San Manuel Bueno, mártir Miguel de Unamuno
65%
El ahogado más hermoso del mundo Gabriel García Márquez
64%
...y no se lo tragó la tierra Tomás Rivera
62%
El Sur Jorge Luis Borges
61%
Mujer negra Nancy Morejón
59%
Walking around Pablo Neruda
59%
Segunda carta de relación Hernán Cortés
58%
Las medias rojas Emilia Pardo Bazán
57%
Romance de la pérdida de Alhama Anónimo
55%
La casa de Bernarda Alba Federico García Lorca
53%
Chac Mool Carlos Fuentes
52%
El hombre que se convirtió en perro Osvaldo Dragún
52%
Como la vida misma Rosa Montero
52%
A Roosevelt Rubén Darío
52%
Mi caballo mago Sabine Ulibarrí
52%
En una tempestad José María Heredia
50%
Soneto CLXVI ("Mientras por competir con tu cabello") Luis de Góngora
50%
Balada de los dos abuelos Nicolás Guillén
50%
Dos palabras Isabel Allende
48%
Salmo XVII ("Miré los muros de la patria mía") Francisco de Quevedo
45%
La noche boca arriba Julio Cortázar
45%
El hijo Horacio Quiroga
44%
El burlador de Sevilla y convidado de piedra Tirso de Molina
41%
He andado muchos caminos Antonio Machado
39%
Visión de los vencidos Miguel León-Portilla
35%
Peso ancestral Alfonsina Storni
32%
Volverán las oscuras golondrinas Gustavo Adolfo Bécquer
32%
Prendimiento de Antoñito el Camborio en el camino de Sevilla Federico García Lorca
31%
Nuestra América José Martí
30%
Soneto XXIII ("En tanto que de rosa y azucena") Garcilaso de la Vega
21%
Hombres necios que acusáis Sor Juana Inés de la Cruz
14%
No matching quizzes found
Score Distribution
Percent of People with Each Score
Percentile by Number Answered
Your Score History
You have not taken this quiz